Biggest U.S. Cities - Map Quiz - Statistics

General Stats
  • This quiz has been taken 48 times
  • The average score is 18 of 20
Answers on the Map
Answers color-coded by a green-red scale on the quiz's map according to % correct below.
 
Answer Stats
Population City % Correct
2,664,452 Chicago
98%
3,820,914 Los Angeles
98%
8,258,035 New York
98%
755,078 Seattle
98%
808,988 San Francisco
95%
979,882 Austin
93%
1,302,868 Dallas
93%
2,314,157 Houston
93%
1,550,542 Philadelphia
93%
1,388,320 San Diego
93%
716,577 Denver
90%
702,767 Oklahoma City
90%
1,650,070 Phoenix
90%
879,293 Indianapolis
83%
1,495,295 San Antonio
83%
969,655 San Jose
83%
978,468 Fort Worth
80%
985,843 Jacksonville
80%
911,311 Charlotte
75%
913,175 Columbus
75%
No matching quizzes found
Score Distribution
Percent of People with Each Score
Percentile by Number Answered
Your Score History
You have not taken this quiz